|
|
|
|
| LEADER |
00819nam a2200217 a 4500 |
| 001 |
3408 |
| 008 |
130609r19871983enkab b 001 eng d |
| 020 |
|
|
|a 0333269667 (paperback)
|
| 020 |
|
|
|a 0333269659 (hardcover)
|
| 082 |
0 |
0 |
|a 618.92
|2 23
|
| 100 |
1 |
|
|a Ebrahim, G. J.
|
| 245 |
1 |
0 |
|a Nutrition in mother and child health /
|c G. J. Ebrahim.
|
| 260 |
|
|
|a London :
|b Macmillan Education Ltd.,
|c c1983 [reprinted 1987].
|
| 300 |
|
|
|a 201 p. :
|b ill., maps ;
|c 22 cm.
|
| 541 |
|
|
|e 3408
|
| 650 |
|
0 |
|a Children
|x Nutrition.
|
| 650 |
|
0 |
|a Mothers
|x Nutrition.
|
| 650 |
|
0 |
|a Tropical medicine.
|
| 852 |
1 |
|
|a Ayesha Abed Library
|j General shelf.
|
| 999 |
|
|
|c 13551
|d 13551
|
| 952 |
|
|
|0 0
|1 0
|2 ddc
|4 0
|6 618_920000000000000_EBR
|7 0
|9 22647
|a BRACUL
|b BRACUL
|c GEN
|d 2013-06-09
|g 0.00
|l 0
|o 618.92 EBR
|p 3010003408
|r 2013-06-09
|t 1
|w 2013-06-09
|y BK
|z Not price in Register
|